LEADER 00761nam0-22002891i-450- 001 990000877460403321 005 20001010 035 $a000087746 035 $aFED01000087746 035 $a(Aleph)000087746FED01 035 $a000087746 100 $a20001010d--------km-y0itay50------ba 101 0 $aita 105 $ay-------001yy 200 1 $aThin Shell Concrete Structures 210 $aNew York$cMcGraw Hill book$d1965 215 $ap.332$cill.$dcm 23 610 0 $aVolte Sottili 700 1$aBillington,$bDavid$023628 801 0$aIT$bUNINA$gRICA$2UNIMARC 901 $aBK 912 $a990000877460403321 952 $a03 VS.0,38$b1608$fIINTC 959 $aIINTC 996 $aTHIN SHELL CONCRETE STRUCTURES$9319261 997 $aUNINA DB $aING01 LEADER 01617oam 2200469M 450 001 9910716510303321 005 20210706131226.0 035 $a(CKB)5470000002523057 035 $a(OCoLC)1065614997 035 $a(OCoLC)995470000002523057 035 $a(EXLCZ)995470000002523057 100 $a20071213d1926 ua 0 101 0 $aeng 135 $aurcn||||||||| 181 $ctxt$2rdacontent 182 $cc$2rdamedia 183 $acr$2rdacarrier 200 10$aJohn T. Wilson. April 5, 1926. -- Committed to the Committee of the Whole House and ordered to be printed 210 1$a[Washington, D.C.] :$c[U.S. Government Printing Office],$d1926. 215 $a1 online resource (6 pages) 225 1 $aHouse report / 69th Congress, 1st session. House ;$vno. 773 225 1 $a[United States congressional serial set] ;$v[serial no. 8536.] 300 $aBatch processed record: Metadata reviewed, not verified. Some fields updated by batch processes. 300 $aFDLP item number not assigned. 606 $aClaims 606 $aImprovements (Law) 606 $aLeases 606 $aRent 608 $aLegislative materials.$2lcgft 615 0$aClaims. 615 0$aImprovements (Law) 615 0$aLeases. 615 0$aRent. 701 $aAppleby$b Stewart Hoffman$f1890-1964$pRepublican (NJ)$01386847 801 0$bWYU 801 1$bWYU 801 2$bOCLCO 801 2$bOCLCQ 906 $aBOOK 912 $a9910716510303321 996 $aJohn T. Wilson. April 5, 1926. -- Committed to the Committee of the Whole House and ordered to be printed$93436118 997 $aUNINA